मयूर पंख / (Record no. 117330)

MARC details
000 -LEADER
fixed length control field 00983nam a22002537a 4500
005 - DATE AND TIME OF LATEST TRANSACTION
control field 20170124103054.0
010 ## - LIBRARY OF CONGRESS CONTROL NUMBER
LC control number B-057689
020 ## - INTERNATIONAL STANDARD BOOK NUMBER
Terms of availability 130.00
035 ## - SYSTEM CONTROL NUMBER
System control number B-057689
037 ## - SOURCE OF ACQUISITION
Source of stock number/acquisition Cen Lib/Ret
040 ## - CATALOGING SOURCE
Original cataloging agency DPL
Language of cataloging HN
082 ## - DEWEY DECIMAL CLASSIFICATION NUMBER
Classification number
Item number दईया
100 ## - MAIN ENTRY--PERSONAL NAME
Personal name दईया, सुमेरसिंह
9 (RLIN) 42810
245 ## - TITLE STATEMENT
Title मयूर पंख /
Statement of responsibility, etc सुमेरसिंह दईया
246 ## - VARYING FORM OF TITLE
Title proper/short title Mayur pankh /
Remainder of title by Sumer Singh Daiya
260 ## - PUBLICATION, DISTRIBUTION, ETC. (IMPRINT)
Place of publication, distribution, etc बीकानेर
Name of publisher, distributor, etc नवीन प्रकाशन
Date of publication, distribution, etc 2000
270 ## - ADDRESS
Address गली नं. 4, हनुमान ह्त्था
City बीकानेर
Postal code 334001
300 ## - PHYSICAL DESCRIPTION
Extent 176पृ.
Dimensions 17सेमी(सजिल्द)
650 ## - SUBJECT ADDED ENTRY--TOPICAL TERM
Topical term or geographic name as entry element हिंदी साहित्य
9 (RLIN) 71377
650 ## - SUBJECT ADDED ENTRY--TOPICAL TERM
Topical term or geographic name as entry element हिंदी साहित्य--उपन्यास
9 (RLIN) 1009
650 ## - SUBJECT ADDED ENTRY--TOPICAL TERM
Topical term or geographic name as entry element Hindi literature
9 (RLIN) 71378
650 ## - SUBJECT ADDED ENTRY--TOPICAL TERM
Topical term or geographic name as entry element Hindi literature--Novel
9 (RLIN) 71379
942 ## - ADDED ENTRY ELEMENTS (KOHA)
Source of classification or shelving scheme Dewey Decimal Classification
Koha item type Hindi Books
Classification part
Call number suffix दईया
Holdings
Withdrawn status Lost status Damaged status Not for loan Home library Current library Date acquired Source of acquisition Cost, normal purchase price Total Checkouts Full call number Barcode Date last seen Copy number Cost, replacement price Price effective from Koha item type Public note Source of classification or shelving scheme
Written off       Central Library Central Library 27/08/2015 Cen Lib/Ret 130.00   उ दईया B-057689 27/08/2015 1 130.00 27/08/2015 Hindi Books Written off on approval by DLB (By Circulation); dtd 15-06-2023  
        Central Library Central Library 29/10/2016 c     उ दईया B-043382 29/10/2016     29/10/2016 Hindi Books   Dewey Decimal Classification

© Delhi Public Library
Hit Counter
free hit counter